000 00826nam a2200253 i 4500
001 115256
003 ES-MaACL
005 20250707062624.0
007 t|
008 070227s1909 sp |||| | spa d
080 _a821.134.2-22"19"
100 1 _aBenavente, Jacinto,
_d1866-1954
_927443
245 1 1 _a¡A ver qué hace un hombre! /
_cpor Jacinto Benavente ; ilustraciones de Santana Bonilla.
260 _aMadrid :
_bEl Cuento Semanal,
_c1909.
300 _a20 p. :
_bil. ;
_c26 cm.
490 1 _aEl cuento semanal ;
_v113
505 8 _aContiene: De pequeñas causas ; Hacia la verdad
700 1 _aSantana Bonilla
_c, ilustrador.
_9103328
740 0 2 _aDe pequeñas causas.
740 0 2 _aHacia la verdad.
830 0 3 _aEl cuento semanal
_v113
_9185957
852 _aES-MaACL
_jG-4443(9)
999 _c115256
_d115256